没有边界的教室 (Record no. 64067)

000 -LEADER
fixed length control field 00494nam a22001937a 4500
003 - CONTROL NUMBER IDENTIFIER
control field MPLRDC
005 - DATE AND TIME OF LATEST TRANSACTION
control field 20220104191036.0
008 - FIXED-LENGTH DATA ELEMENTS--GENERAL INFORMATION
fixed length control field 210129b ||||| |||| 00| 0 eng d
020 ## - INTERNATIONAL STANDARD BOOK NUMBER
International Standard Book Number 978-986-7468-54-3
082 ## - DEWEY DECIMAL CLASSIFICATION NUMBER
Classification number 520.943 SJH
100 ## - MAIN ENTRY--PERSONAL NAME
Personal name 沈佳慧
245 ## - TITLE STATEMENT
Title 没有边界的教室
Statement of responsibility, etc.
250 ## - EDITION STATEMENT
Edition statement 初版六刷
260 ## - PUBLICATION, DISTRIBUTION, ETC.
Place of publication, distribution, etc. 台湾
Name of publisher, distributor, etc. 凯信企业管理顾问有限公司
Date of publication, distribution, etc. 2011
300 ## - PHYSICAL DESCRIPTION
Other physical details
490 ## - SERIES STATEMENT
Series statement 好学习: 08
650 ## - SUBJECT ADDED ENTRY--TOPICAL TERM
Topical term or geographic name entry element 教育-德国
942 ## - ADDED ENTRY ELEMENTS (KOHA)
Koha item type Book
-- 520.943 SJH
Holdings
Withdrawn status Lost status Source of classification or shelving scheme Damaged status Not for loan Collection code Home library Current library Shelving location Date acquired Cost, normal purchase price Total Checkouts Full call number Barcode Date last seen Date last checked out Price effective from Koha item type Public note
            Malaysian Public Library, Research and Development Centre Malaysian Public Library, Research and Development Centre   13/12/2011 40.00   520.943 SJH 00058262 18/03/2021 14/08/2016 18/03/2021 Book mplrdc

© 2022. Malaysian Public Library, Research and Development Centre. All Right ReservedE-mailmplrdc@help.edu.my 

Powered by Koha